Vplyv HDP na akciový trh v Nemecku

Vývoj akciového trhu a HDP Nemecka a analýza ich vzájomného vzťahu. Dlhodobý rast nemeckého HDP a rast akciového trhu. Vývoj akciového indexu DAX a volatilita v období kríz, či iných ekonomických šokoch.

Salvato in:
Dettagli Bibliografici
Autore principale: Vovková, Katarína, 1977-
Natura: Capitolo di libro
Lingua:slovacco
Soggetti:
Tags: Aggiungi Tag
Nessun Tag, puoi essere il primo ad aggiungerne!!

MARC

LEADER 00000nla$a2200000$$$4500
001 0145354
005 20240502072620.4
041 0 |a slo 
044 |a SK 
245 1 0 |a Vplyv HDP na akciový trh v Nemecku  |c Katarína Vovková 
520 |a Vývoj akciového trhu a HDP Nemecka a analýza ich vzájomného vzťahu. Dlhodobý rast nemeckého HDP a rast akciového trhu. Vývoj akciového indexu DAX a volatilita v období kríz, či iných ekonomických šokoch. 
610 2 0 |a Nemecko 
610 2 0 |a rast hospodársky 
610 2 0 |a produkt domáci hrubý 
610 2 0 |a krajiny vyspelé 
610 2 0 |a kríza hospodárska 
610 2 0 |a nástroje investičné 
610 2 0 |a financie medzinárodné 
610 2 0 |a trh akciový 
610 2 0 |a volatilita 
610 2 0 |a indexy akciové 
610 2 0 |a analýzy 
100 1 |a Vovková, Katarína, 1977-